Quizzes
Events
Quiz Creation
Community
Videos
Private Events
Remove Ads
Sign In
Join for FREE
Feedback
Dark Mode
Quiz Categories
Sports
Geography
Music
Movies
Television
Just For Fun
Miscellaneous
History
Literature
Language
Science
Gaming
Entertainment
Religion
Holiday
For Kids
Quiz Lab
Recent
Popular Today
Quiz Kudos Today
Editor Picks
Curator Picks
Quizzes by...
Day
Popularity
Type
Ratings
Length
Year
Community
Subscriptions
Recent Discussions
Orange Saloon
Badges
Playlists
Quests
Create
Leaderboards
Showdown
Live 5
Trivia Bingo
Activity
Puzzle Library
Sporcle Events
Private Events
Virtual Trivia
Globe League
Become a Host
Pub Owners
SporcleCon
Opinionation
Our Games
Videos
Blog
Mobile Apps
Partnerships
Remove Ads and Go Orange
Feedback
Sports
Athletes
MLB
NBA
NHL
NFL
Soccer
Sports Teams
WWE
NCAA
Football
Premier League
Basketball
Baseball
Hockey
Golf
Tennis
Cricket
Rugby
Auto Racing
Olympics
World Cup
Sports
Athletes
MLB
NBA
NHL
NFL
Soccer
Sports Teams
WWE
NCAA
Football
Premier League
Basketball
Baseball
Hockey
Golf
Tennis
Cricket
Rugby
Auto Racing
Olympics
World Cup
Random Quiz
Search Sporcle
×
Quiz Lab
Quiz Lab
Sports
Hockey
Type answers based on single images at one time
Type answers based on single images at one time
Slideshow
Best Score? Go Orange.
Your 2016-17 NHL Alternate Captains Stats
Can you name the NHL alternate captains of the 2016-17 season?
By
Vexillum
20m
75 Questions
145 Plays
145 Plays
145 Plays
Comments
Comments
Give Quiz Kudos
Give Quiz Kudos
-
- Ratings
hide this ad
Replay
Link that replays current quiz
Next Quiz
Link to next quiz in quiz playlist
You Got
0%
They Got
Avg Score
72%
Avg Friend Score
Upgrade to see
Score Distribution
Jump to the score distribution portion of the page
Score
0/75
Timer
20:00
0
Plays Today
% Correct
Shea Weber
97.2%
Evgeni Malkin
95.9%
Wayne Simmonds
95.9%
Patrice Bergeron
94.5%
Jordan Staal
93.8%
Duncan Keith
93.1%
Marc Staal
92.4%
Nathan MacKinnon
92.4%
Corey Perry
91.7%
Daniel Sedin
91.7%
Chris Kunitz
89.7%
Ryan Suter
89.7%
Ryan Kesler
89.7%
Brent Seabrook
89%
Joe Thornton
89%
Vladimir Tarasenko
88.3%
Logan Couture
88.3%
Milan Lucic
88.3%
Justin Faulk
87.6%
Patrick Sharp
86.9%
Zach Parise
86.2%
Jeff Skinner
85.5%
Brendan Gallagher
84.8%
Roman Josi
82.8%
Ryan Nugent-Hopkins
81.4%
Cal Clutterbuck
80.7%
Rick Nash
79.3%
Tomas Plekanec
78.6%
Jordan Eberle
78.6%
Derek Stepan
77.9%
Dustin Byfuglien
77.9%
Matt Duchene
76.6%
Oliver Ekman-Larsson
76.6%
Ryan Callahan
75.2%
Jason Spezza
74.5%
Drew Doughty
73.8%
Sean Monahan
72.4%
Aaron Ekblad
71%
% Correct
Jeff Carter
71%
Nicklas Backstrom
70.3%
Niklas Kronwall
69.7%
Troy Brouwer
69.7%
Ryan O'Reilly
66.9%
David Krejci
66.2%
Kyle Turris
66.2%
Brooks Orpik
66.2%
Andrei Markov
65.5%
Tyler Bozak
65.5%
Adam Henrique
64.8%
Brandon Dubinsky
64.1%
Victor Rask
63.4%
Dion Phaneuf
62.8%
Ondrej Palat
62.8%
Morgan Rielly
62.8%
Justin Abdelkader
61.4%
Jussi Jokinen
60%
Dan Girardi
60%
James Neal
60%
Alexandre Burrows
60%
Boone Jenner
59.3%
Kevin Shattenkirk
59.3%
Paul Stastny
59.3%
Alexander Steen
59.3%
Leo Komarov
59.3%
Mark Scheifele
58.6%
Travis Zajac
55.9%
Mark Streit
53.8%
Andrew Ladd
53.1%
Travis Hamonic
51%
Michael Cammalleri
49.7%
Chris Neil
48.3%
Josh Gorges
47.6%
Francois Beauchemin
46.9%
Martin Hanzal
44.1%
Matt Hunwick
44.1%
Quiz Playlist
Details
Report
Send in Message
Add To Playlist
Slideshow:
Type answers based on single images at one time
Last Updated: Feb 16, 2017
Quiz Scoreboard
CHALLENGE
Sign Up to Join the Scoreboard
Show All
Scores
Hide
Comments
May contain spoilers
Recently Published
Pick 6: Fruits
by JohnFran
Miscellaneous
15s
Click the 1999 NBA Draft
by nibperrychub
Sports
2m
Alphabetical 'K' Countries by Flag Minefield
by ylime102
Geography
3m
More to Explore
Quiz From the Vault
Featured Blog Post
15 Basketball Trivia Facts You Can Be March Mad About
hide this ad
You Might Also Like...
Tags
Hockey Quiz
NHL Quiz
2016-2017
Alternate Captains
Today's Top Quizzes in Sports
Browse Sports
hide this ad
Today's Top Quizzes in Hockey
Browse Hockey
Top Contributed Quizzes in Sports
1
Don't Strike Out: 3000 Strikeouts
2
MLB 2 truths and a lie: Hall of Fame pitchers
3
MLB Players with Two .350 Batting Average Seasons
4
Last 10 Members of the 500 HR Club in Order
5
Criteria MLB: Left Handed Sluggers
6
One Time Final Four Teams
7
Millionaire: NBA Finals Edition
8
MLB Teams by First Game
9
Pitchers With Multiple No-Hitters
10
Pick 6: NFL Teams
Explore More
Trending Topics
NBA
Disney
Harry Potter
Anime
Kpop
Crossword
Marvel
Song
Country
NFL
Soccer
The Office
WWE
Pokémon
Puzzle
hide this ad
More By:
Vexillum
Quiz
Plays
Rating
Category
Featured
Created
Capital City or Major City: North America
35,044
4.48
Geography
May 24, 2016
Major Bodies of Water in Canada
3,256
4.00
Geography
Aug 14, 2015
Capital City or Major City: Europe I
2,710
4.69
Geography
May 25, 2016
Team Profile: Pittsburgh Penguins
2,680
4.57
Sports
Jun 14, 2016
Capital City or Major City: Europe II
1,767
4.86
Geography
May 25, 2016
Go to Creator's Profile
Score Distribution
Quiz Creator Spotlight
Vexillum
Follow
Send a Message
Quizzes Created
-
Created Quiz Play Count
-
More By This Creator
Popular Quizzes Today
1
Find the US States - No Outlines Minefield
2
Countries of Asia Without Outlines Minefield
3
Pick 6: Fruits
4
Alphabetical 'K' Countries by Flag Minefield
5
The Countries of the World
6
Click the 1999 NBA Draft
7
Find the US States
8
Match the Book to the Film X
More Sports Quizzes
Deschamps Winning Nations League XI's
Quiz Lab
Trending Quizzes
Pick 6: Harry Potter
Pick 6: Mountains
Pick 6: NFL Teams
Pick 6: Movie Franchises
Pick 6: Golfers
Recently Updated
Women's Final Four Teams by Year
bhenderson79
Presidents Quartet II
eogle
Anything But Clue(do)
eogle
Anything But Oceanian Capitals
eogle
Anything But 7
eogle
Anything But Thing
eogle
Word Ladder: February 29
pecheneg
Song Title Questions
pecheneg
Women's NCAA Tournament #1 Seeds
pecheneg
Celebrity Mug Shots
pecheneg
Trending Topics
Crossword
Harry Potter
NBA
Disney
Kpop
Marvel
Anime
The Office
Pokémon
Soccer
NFL
Song
Puzzle
WWE
Country
Your Account Isn't Verified!
In order to create a playlist on Sporcle, you need to verify the email address you used during registration. Go to your
Sporcle Settings
to finish the process.
Report this User
Report this user for behavior that violates our
Community Guidelines
.
Details:
Send Report
Go to the Sporcle.com Mobile Site →
Comments